00422nam a22001457a 4500020001800000082001900018100002300037245004100060260002300101300000800124650001900132942000700151952010100158999001700259 a9788184651461 a305.402208 DIE aDietrich, Gabriele aWish like Snakes Innocent Like Doves adelhibISPCKc2011 a160 aWomen in Bible cBK 00104070aHMIbHMId2015-08-20g115.00l0o305.402208 DIEp11-2753r2015-08-20w2015-08-20yBK c19650d19650